Revitalizácia priestoru na ulici Pavla Horova v Bratislave, MČ Devínska Nová Ves

Salvato in:
Dettagli Bibliografici
Autore principale: Rybanská, Beáta (Autore)
Altri autori: Reháčková, Tamara, 1965- (Relatore della tesi)
Natura: Manoscritto Libro
Lingua:slovacco
Pubblicazione: Bratislava 2015
Soggetti:
Accesso online:http://is.stuba.sk/zp/portal_zp.pl?podrobnosti=102982
Tags: Aggiungi Tag
Nessun Tag, puoi essere il primo ad aggiungerne!!

MARC

LEADER 00000ntm a22000003a 4500
001 stuzp52456
003 SK-STU
005 20210302065838.9
007 ta
008 150427s2015----xo-----f-mn---000-0-slo-d
040 |a STU  |b slo 
041 0 |a slo 
100 1 |a Rybanská, Beáta  |u 057170  |4 aut  |U FAD Fakulta architektúry  |T FA Ústav krajinnej a záhradnej architektúry  |X 70404  |U A7170  |Y 398  |7 70404 
242 0 1 |a Revitalization of the public place on the Street Pavla Horova in the part of Bratislava - Devínska Nová Ves  |y eng 
245 1 0 |a Revitalizácia priestoru na ulici Pavla Horova v Bratislave, MČ Devínska Nová Ves 
260 |c 2015  |a Bratislava 
650 4 |a revitalizácia  |2 slo 
650 4 |a park  |2 slo 
650 4 |a verejný priestor  |2 slo 
650 4 |a revitalization  |2 eng 
650 4 |a public place  |2 eng 
650 4 |a park  |2 eng 
700 1 |a Reháčková, Tamara,  |d 1965-  |4 ths  |X 45231  |7 A000045231 
856 4 |u http://is.stuba.sk/zp/portal_zp.pl?podrobnosti=102982  |u https://opac.crzp.sk/?fn=detailBiblioForm&sid=1080C1D973035A08742285E98A31 
SQL |a stuzp52456  |b DBP  |c SLO  |d Revitalizácia priestoru na ulici Pavla Horova v Bratislave, MČ Devínska Nová Ves  |e 70404  |f Rybanská, Beáta  |g 057170  |h 45231  |i Reháčková, Tamara  |j 20150612  |k 151  |l 05  |m http://is.stuba.sk/zp/portal_zp.pl?podrobnosti=102982  |n B-KAKP  |o 6.1.17. krajinná a záhradná architektúra